000 00676nam a2200205Ia 4500
003 GCL
008 140319s9999 xx 000 0 ara d
020 _a0159910977
040 _aGCL /
_cGCL
082 0 4 _a910.031
_bم ع
100 1 _aمحمد صبرى محسوب
245 1 0 _aالعالم العربى :
_bدراسة جغرافية /
_cمحمد صبرى محسوب
250 _aالاولى
260 _aالقاهرة :
_bدار الفكر العربى ،
_c2002
300 _a352 ص ؛
_c35 سم
650 0 4 _aالعالم العربى
650 0 4 _aالجغرافيا الطبيعية
650 0 4 _aالعالم العربى - جغرافيا
942 _2ddc
_cBK
999 _c5094
_d5094